| 000 | 01144nam0a2200313 4500 | ||
|---|---|---|---|
| 001 | RU\NLR\BIBL_A\011652062 | ||
| 005 | 20180320155634.0 | ||
| 010 |
_a978-5-94655-324-7 _9500 |
||
| 021 |
_aRU _bКН-П-18-007661 _9КН-П-18-0524 |
||
| 035 | _a(NLR Aleph) 011652062 | ||
| 035 | _a(RuMoRGB)009537084 | ||
| 090 |
_a11133349 _c11133349 |
||
| 100 | _a20180305d2017 u y0rusy50 ca | ||
| 101 | 0 | _arus | |
| 102 | _aRU | ||
| 105 | _aac||z|||000zy | ||
| 200 | 1 |
_aЖивая сталь _fМ. А. Качалина |
|
| 210 |
_aУльяновск _cКорпорация технологий продвижения _d2017 |
||
| 215 |
_a191 с. _cил., портр. _d25 |
||
| 607 |
_aРадищевский район (Ульяновская область) _jИздания для детей _xИстория _92282835 _3RU\NLR\AUTH\6601595710 |
||
| 686 |
_aТ3(2)я44 _2rubbk |
||
| 686 | 0 |
_aШ9 _bТ3(2) |
|
| 700 | 1 |
_aКачалина _bМ. А. _f1946- _gМария Александровна |
|
| 942 | _cBOOK | ||
| 980 | _aNBR | ||
| 980 | _aNB | ||